书目信息 |
| 题名: |
2008-2009地球物理学学科发展报告
|
|
| 作者: | ;中国科学技术协会 主编 ;中国地理学会 编著 | |
| 分册: | ||
| 出版信息: | 北京 中国科学技术出版社 2009.03 |
|
| 页数: | 209页 | |
| 开本: | 26cm | |
| 丛书名: | 中国科协学科发展研究系列报告(2008-2009) | |
| 单 册: | ||
| 中图分类: | P3 | |
| 科图分类: | ||
| 主题词: | 地球物理学--研究报告--中国--2008-2009 | |
| 电子资源: | ||
| ISBN: | 978-7-5046-4931-7 | |
| 000 | 01583nam 2200301 450 | |
| 001 | 0100016331 | |
| 005 | 20110302150813.53 | |
| 010 | @a978-7-5046-4931-7@dCNY42.00 | |
| 100 | @a20100515d2009 em y0chiy0110 ea | |
| 101 | 0 | @achi |
| 102 | @aCN@b110000 | |
| 105 | @ay z 000yy | |
| 200 | 1 | @a2008-2009地球物理学学科发展报告@A2008-2009 di qiu wu li xue xue ke fa zhan bao gao@d= Report on advances in geoeraphy@f中国科学技术协会主编@Fzhong guo ke xue ji shu xie hui zhu bian@g中国地理学会编著@Gzhong guo di li xue hui bian zhu@zeng |
| 210 | @a北京@c中国科学技术出版社@d2009.03 | |
| 215 | @a209页@c图@d26cm | |
| 225 | 2 | @a中国科协学科发展研究系列报告(2008-2009) |
| 320 | @a有书目 | |
| 330 | @a本报告内容基本反映出了学科的总体发展情况,地球物理学研究广泛系列的地质现象,包括地球内部的温度分布;地磁场的起源、架构和变化;大陆地壳大尺度的特征,诸如断裂、大陆缝合线和大洋中脊。现代地球物理学研究延伸到地球大气层外部的现象(例如,电离层电机效应〔ionospheric dynamo〕、极光放电〔auroral electrojets〕和磁层顶电流系统〔magnetopause current system〕),甚至延伸到其他行星及其卫星的物理性质。 | |
| 410 | 0 | @12001 @a中国科协学科发展研究系列报告(2008-2009) |
| 510 | 1 | @aReport on advances in geoeraphy@zeng |
| 517 | 1 | @a地球物理学学科发展报告@Adi qiu wu li xue xue ke fa zhan bao gao |
| 606 | 0 | @a地球物理学@x研究报告@y中国@z2008-2009 |
| 690 | @aP3@v4 | |
| 711 | 02 | @a中国科学技术协会@Azhong guo ke xue ji shu xie hui@4主编 |
| 712 | 02 | @a中国地理学会@Azhong guo di li xue hui@4编著 |
| 801 | @aCN@bnygyxylib@c20110302 | |
| 901 | @a211124 | |
| 905 | @b974220-4@dP3@eZ569@f3 | |
| 2008-2009地球物理学学科发展报告= Report on advances in geoeraphy/中国科学技术协会主编/中国地理学会编著.-北京:中国科学技术出版社,2009.03 |
| 209页:图;26cm.-(中国科协学科发展研究系列报告(2008-2009)) |
| ISBN 978-7-5046-4931-7:CNY42.00 |
| 本报告内容基本反映出了学科的总体发展情况,地球物理学研究广泛系列的地质现象,包括地球内部的温度分布;地磁场的起源、架构和变化;大陆地壳大尺度的特征,诸如断裂、大陆缝合线和大洋中脊。现代地球物理学研究延伸到地球大气层外部的现象(例如,电离层电机效应〔ionospheric dynamo〕、极光放电〔auroral electrojets〕和磁层顶电流系统〔magnetopause current system〕),甚至延伸到其他行星及其卫星的物理性质。 |
| ● |
| 相关链接 |
|
|
|
正题名:2008-2009地球物理学学科发展报告
索取号:P3/Z569
 
预约/预借
| 序号 | 登录号 | 条形码 | 馆藏地/架位号 | 状态 | 备注 |
| 1 | 1192869 | 211928690 | 社科二线400B/400B社科库 7排1列6层/ [索取号:P3/Z569] | 在馆 | |
| 2 | 1192870 | 211928707 | 社科二线400B/400B社科库 7排1列6层/ [索取号:P3/Z569] | 在馆 | |
| 3 | 1192871 | 211928716 | 社科二线400B/400B社科库 7排1列6层/ [索取号:P3/Z569] | 在馆 |